[Event "PNWCC-Bulgaria Hybrid m3"]
[Site "Chess.com INT"]
[Date "2022.01.30"]
[Round "4"]
[White "Zhang, Nathaniel"]
[Black "Dereshki, Dario"]
[Result "1-0"]
[WhiteElo "1983"]
[BlackElo "2067"]
[PlyCount "63"]
[EventDate "2022.01.29"]
[EventType "team-match"]
[EventRounds "4"]
[EventCountry "USA"]
[SourceTitle "CBM 206 Extra"]
[Source "ChessBase"]
[SourceDate "2022.03.31"]
[SourceVersion "1"]
[SourceVersionDate "2022.03.31"]
[SourceQuality "1"]
[WhiteTeam "PNWCC"]
[BlackTeam "Bulgaria"]
[WhiteTeamCountry "USA"]
[BlackTeamCountry "BUL"]

1. c4 e5 2. Nc3 Nf6 3. Nf3 Nc6 4. e3 d5 5. cxd5 Nxd5 6. Bb5 Nxc3 7. bxc3 Bd6 8. d4 e4 9. Nd2 Qe7 10. Qh5 0-0 11. c4 Nb4 12. c5 Nc2+ 13. Kd1 Nxa1 14. cxd6 Qxd6 15. Bb2 Be6 16. Bxa1 Bxa2 17. Nxe4 Qb4 18. Bd3 f5 19. Nd2 Bf7 20. Qh3 Rae8 21. Ke2 Bd5 22. Rb1 Qa3 23. g4 Be4 24. Nxe4 fxe4 25. Bc4+ Kh8 26. Qh5 Qa4 27. Rc1 a6 28. g5 Qa5 29. d5 Rxf2+ 30. Kxf2 Qd2+ 31. Kg3 Rf8 32. Bxg7+ 1-0